000 00654nam a22001937a 4500
005 20250921062524.0
008 241009b |||||||| |||| 00| 0 eng d
020 _a9781984685575
082 _aDC 629.202 T413 2024
100 _a3G E-Learning.
_933638
245 _aBasic knowledge of automotive servicing /
_c3G E-Learning.
260 _aUSA :
_b3G E-Learning, LLC.,
_c©2024.
300 _aviii, 180 pages :
_bcolor illustrations ;
_c25 cm.
500 _aIncludes references and index.
650 0 _aAutomobiles
_xMaintenance and repair.
_950101
650 0 _aAutomobiles
_xEngines.
_950099
710 _a3G E-Learning.
_933636
942 _2ddc
_cDC
999 _c22369
_d22369